| 000 | 03040cam a2200445 i 4500 | ||
|---|---|---|---|
| 001 | 23197720 | ||
| 003 | CSPC | ||
| 005 | 20260328151926.0 | ||
| 008 | 230623s2024 moua b 001 0 eng | ||
| 010 | _a 2023385185 | ||
| 020 |
_a9780323831932 _q(paperback) |
||
| 035 | _a23197720 | ||
| 040 |
_aDLC _beng _erda _cDLC _dCSPC |
||
| 042 | _apcc | ||
| 050 | 0 | 0 |
_aRT55 _b.E96 2024 |
| 082 | 0 | 0 |
_a610.73076 _bH46 _223/eng/20240515 |
| 245 | 0 | 0 |
_aHESI comprehensive review for the NCLEX-RN examination / _cedited by Denise M. Korniewicz. |
| 246 | 3 | 0 | _aComprehensive review for the NCLEX-RN examination |
| 250 | _a7th edition. | ||
| 264 | 1 |
_aSt. Louis, Missouri : _bElsevier, _c2024. |
|
| 300 |
_axii, 356 pages : _bcolor illustrations ; _c28 cm. |
||
| 336 |
_atext _btxt _2rdacontent |
||
| 337 |
_aunmediated _bn _2rdamedia |
||
| 338 |
_avolume _bnc _2rdacarrier |
||
| 504 | _aIncludes bibliographical references and index. | ||
| 505 | 0 | _aIntroduction to test-taking strategies and the NGN-NCLEX-RN -- Leadership and management -- Advanced clinical concepts -- Medical-surgical nursing -- Pediatric nursing -- Gerontologic nursing. | |
| 520 | _a"Updated to reflect the latest NCLEX-RN test plan, HESI Comprehensive Review for the NCLEX-RN Examination, 7th Edition provides a complete, all-in-one review of the information you need to know to pass your nursing board exam. It covers nursing content by concepts and clinical areas, with valuable tips from HESI to help you apply principles of clinical decision-making and critical thinking"-- Back cover. | ||
| 520 | _a"HESI Comprehensive Review for the NCLEX-RNĀ® Examination, 7th Edition provides a complete, all-in-one review of the information that you need to know. Written in an easy-to-read outline format, this study guide reviews content by concepts and clinical areas. Along the way, valuable tips from HESIĀ® help you apply principles of clinical decision-making and clinical judgment. With more than 1,000 practice questions in both study and exam formats, the companion Evolve website enables you to practice test-taking in the same electronic format you will experience on nursing school exit exams and on the NCLEX-RN exam"-- Amazon.com. | ||
| 650 | 0 |
_aNursing _xExaminations _vStudy guides. |
|
| 650 | 0 |
_aNursing _vExaminations, questions, etc. |
|
| 650 | 0 |
_aPractical nursing _vExaminations, questions, etc. |
|
| 650 | 0 |
_aNational Council Licensure Examination for Registered Nurses _vStudy guides. |
|
| 655 | 7 |
_aStudy guides. _2lcgft _0https://id.loc.gov/authorities/genreForms/gf2014026182 |
|
| 700 | 1 |
_aKorniewicz, Denise M., _eeditor. |
|
| 906 |
_a7 _bcbc _corignew _d2 _encip _f20 _gy-gencatlg |
||
| 942 |
_2ddc _cBK _e23 _h610.73076 _iH46 _kNUR _m2024 _n0 |
||
| 999 |
_c32194 _d32194 |
||